| 000 | 00537nam a22001817a 4500 | ||
|---|---|---|---|
| 005 | 20140618114807.0 | ||
| 010 | _aENG-110195 | ||
| 020 |
_a9788124117965 _c595.00 |
||
| 035 | _aEN-93727 | ||
| 037 | _bDBAD/PUB | ||
| 082 | _a881 | ||
| 100 | _aDas, J.P. | ||
| 245 |
_aSelected poems / _cby J.P. Das ; translated from the original Odia |
||
| 260 |
_aNew Delhi _bHar-Anand Publications _c2014 |
||
| 270 |
_aE-49/3, Okhla Indl. Area, Ph-II _bNew Delhi _e110020 |
||
| 300 |
_a179p. _c22cm(Hb) |
||
| 942 |
_2ddc _cEN _mDAS _h881 |
||
| 999 |
_c85050 _d85050 |
||